Suomalaisia kirjailijoita 2 - Statistics

Yleistilastot
  • Tätä visaa on pelattu 36 kertaa
  • Keskiarvotulos 9 / 16
Vastaustilastot
kirjailija % Oikein
Mika Waltari
100%
Aleksis Kivi
97%
Juhani Aho
83%
Minna Canth
83%
Rosa Liksom
61%
Kari Hotakainen
56%
Volter Kilpi
53%
Zachris Topelius
53%
Eve Hietamies
47%
Leena Lehtolainen
47%
Miika Nousiainen
44%
Katja Kettu
36%
Kjell Westö
36%
Anni Blomqvist
28%
F. E. Sillanpää
25%
Pajtim Statovci
17%
Ehtoja vastaavia visoja ei löytynyt
Tulosjakauma
Jokaisen tuloksen saaneiden osuus
Persentiili vastausten määrän mukaan
Tuloshistoriasi
Et ole pelannut tätä visaa